Planning Policy Wales (Record no. 121797)

MARC details
000 -LEADER
fixed length control field 01334nam a22002537a 4500
005 - DATE AND TIME OF LATEST TRANSACTION
control field 20240208121245.0
008 - FIXED-LENGTH DATA ELEMENTS--GENERAL INFORMATION
fixed length control field 240208s2024 wlk|||||o||||o00| 0 eng d
041 ## - LANGUAGE CODE
Language code of text/sound track or separate title eng
245 ## - TITLE STATEMENT
Title Planning Policy Wales
250 ## - EDITION STATEMENT
Edition statement edition 12
260 ## - PUBLICATION, DISTRIBUTION, ETC.
Name of publisher, distributor, etc. Welsh Government,
Date of publication, distribution, etc. February 2024
300 ## - PHYSICAL DESCRIPTION
Extent 187p.
520 ## - SUMMARY, ETC.
Summary, etc. An updated publication supplemented by a series of technical advice notes, circulars, and policy clarification letters setting out the land use planning policies of the Welsh Government. The primary objective is to ensure that the planning system contributes towards the delivery of sustainable development and improves the social, economic, environmental and cultural well-being of Wales and its communities. Where appropriate, it also translates wider Welsh Government objectives, strategies and policy into land use planning policy.
650 ## - SUBJECT ADDED ENTRY--TOPICAL TERM
Topical term or geographic name entry element PLANNING
650 ## - SUBJECT ADDED ENTRY--TOPICAL TERM
Topical term or geographic name entry element LAND USE
650 ## - SUBJECT ADDED ENTRY--TOPICAL TERM
Topical term or geographic name entry element PLACEMAKING
650 ## - SUBJECT ADDED ENTRY--TOPICAL TERM
Topical term or geographic name entry element WALES
662 ## - SUBJECT ADDED ENTRY--HIERARCHICAL PLACE NAME
Country or larger entity Wales
690 ## - LOCAL SUBJECT ADDED ENTRY--TOPICAL TERM (OCLC, RLIN)
9 (RLIN) 6259
Topical term or geographic name as entry element Planning and development
710 2# - ADDED ENTRY--CORPORATE NAME
9 (RLIN) 6155
Corporate name or jurisdiction name as entry element Welsh Government
856 ## - ELECTRONIC LOCATION AND ACCESS
Uniform Resource Identifier <a href="https://www.gov.wales/sites/default/files/publications/2024-02/planning-policy-wales-edition-12.pdf">https://www.gov.wales/sites/default/files/publications/2024-02/planning-policy-wales-edition-12.pdf</a>
Public note Policy available online
856 ## - ELECTRONIC LOCATION AND ACCESS
Uniform Resource Identifier <a href="https://www.gov.wales/planning-policy-wales">https://www.gov.wales/planning-policy-wales</a>
Public note Technical Advice notes and supporting materials
942 ## - ADDED ENTRY ELEMENTS (KOHA)
Koha item type Online material
Source of classification or shelving scheme Dewey Decimal Classification
Holdings
Withdrawn status Lost status Damaged status Not for loan Home library Current library Shelving location Date acquired Total Checkouts Date last seen Price effective from Koha item type
        Virtual Virtual Online 08/02/2024   08/02/2024 08/02/2024 Online material